000
00358nam a2200169Ia 4500
003
0STCL
008
150530s9999 xx 000 0 und d
040
_a
STCL
_c
STCL
100
_a
Nora Murray
245
_a
I spied for Stalin
250
_a
First
260
_c
1951
546
_a
English
942
_2
ddc
_c
BK
999
_c
69038
_d
69038
005
20220125171410.0